Report of inquiry (Record no. 410988)

000 -LEADER
fixed length control field 00299cam a22001097a 4500
008 - FIXED-LENGTH DATA ELEMENTS--GENERAL INFORMATION
fixed length control field 180718b1965 xxu||||| |||| 00| 0 eng d
082 ## - DEWEY DECIMAL CLASSIFICATION NUMBER
Classification number N4x42 Un3c
245 ## - TITLE STATEMENT
Title Report of inquiry
Statement of responsibility, etc. by A. E. James
260 ## - PUBLICATION, DISTRIBUTION, ETC.
Place of publication, distribution, etc. London
Name of publisher, distributor, etc. Her Majesty's Stationery Office
Date of publication, distribution, etc. 1965
300 ## - PHYSICAL DESCRIPTION
Extent 171p.
700 ## - ADDED ENTRY--PERSONAL NAME
Personal name James, A. E.
Holdings
Withdrawn status Lost status Damaged status Not for loan Permanent Location Current Location Date acquired Full call number Barcode Date last seen Price effective from Koha item type
        Indian Institute of Public Administration Indian Institute of Public Administration 2009-02-26 XA4601x42 Un3 DA1399 2018-07-21 2018-07-21 DA

Powered by Koha